Persona, vida y mascara en el teatro puertorriqueno / (Record no. 7259)
[ view plain ]
| 000 -CABECERA | |
|---|---|
| campo de control de longitud fija | 00897pam a2200229 a 4500 |
| 001 - NÚMERO DE CONTROL | |
| campo de control | 000007478 |
| 005 - FECHA Y HORA DE LA ÚLTIMA TRANSACCIÓN | |
| campo de control | 20200929154202.0 |
| 008 - DATOS DE LONGITUD FIJA--INFORMACIÓN GENERAL | |
| campo de control de longitud fija | 840814t19861984pr a b 001 0 spa |
| 010 ## - NÚMERO DE CONTROL DE LA BIBLIOTECA DEL CONGRESO | |
| Número de control de LC | 84019721 |
| 020 ## - NÚMERO INTERNACIONAL ESTÁNDAR DEL LIBRO | |
| Número Internacional Estándar del Libro | 0913480614 (pbk.) |
| 040 ## - FUENTE DE LA CATALOGACIÓN | |
| Centro catalogador/agencia de origen | DO-SdBNP |
| Centro/agencia transcriptor | DLC |
| Centro/agencia modificador | DLC |
| 043 ## - CÓDIGO DE ÁREA GEOGRÁFICA | |
| Código de área geográfica | nwpr--- |
| 050 00 - SIGNATURA TOPOGRÁFICA DE LA BIBLIOTECA DEL CONGRESO | |
| Número de clasificación | PQ7431 |
| Número de documento/Ítem | .M65 1986 |
| 082 00 - NÚMERO DE LA CLASIFICACIÓN DECIMAL DEWEY | |
| Número de clasificación | 862 |
| Número de edición | 19 |
| 100 2# - ENTRADA PRINCIPAL--NOMBRE DE PERSONA | |
| Nombre de persona | Montes Huidobro, Matias. |
| 9 (RLIN) | 20781 |
| 245 10 - MENCIÓN DE TÍTULO | |
| Título | Persona, vida y mascara en el teatro puertorriqueno / |
| Mención de responsabilidad, etc. | Matias Montes Huidobro. |
| 260 ## - PUBLICACIÓN, DISTRIBUCIÓN, ETC. | |
| Lugar de publicación, distribución, etc. | San Juan, P.R. : |
| Nombre del editor, distribuidor, etc. | Centro de Estudios Avanzados de Puerto Rico y el Caribe : |
| -- | Ateneo Puertorriqueno : |
| -- | Universidad Interamericana : |
| -- | Tinglado Puertorriqueno, |
| Fecha de publicación, distribución, etc. | 1986, c1984. |
| 300 ## - DESCRIPCIÓN FÍSICA | |
| Extensión | xvi, 631 p. : |
| Otras características físicas | ill. ; |
| Dimensiones | 23 cm. |
| 504 ## - NOTA DE BIBLIOGRAFÍA, ETC. | |
| Nota de bibliografía, etc. | Includes bibliographical references and index. |
| 650 #0 - PUNTO DE ACCESO ADICIONAL DE MATERIA--TÉRMINO DE MATERIA | |
| Término de materia o nombre geográfico como elemento de entrada | Puerto rican drama |
| Subdivisión cronológica | 20th century |
| Subdivisión general | History and criticism. |
| 9 (RLIN) | 20782 |
| 910 ## - DATOS DE OPCIÓN DEL USUARIO (OCLC) | |
| Datos de opción del usuario | Catalogación por copia / LC |
| Estado de retiro | Estado de pérdida | Restricciones de uso | No para préstamo | Código de colección | Localización permanente | Ubicación/localización actual | Ubicación en estantería | Fecha de adquisición | Número de inventario | Total de préstamos | Signatura topográfica completa | Código de barras | Fecha visto por última vez | Precio válido a partir de | Tipo de ítem Koha | Número de copia |
|---|---|---|---|---|---|---|---|---|---|---|---|---|---|---|---|---|
| Préstamo interno | Monografías: Libros y Folletos | General | General | En catalogación | 08.09.2009 | LF1 | 862 | 7478-10 | 25.06.2020 | 25.06.2020 | Préstamo interno | |||||
| Préstamo restringido | Préstamo restrigido | Monografías: Libros y Folletos | General | General | En catalogación | 01.07.2013 | LF1 | 862 | 7478-20 | 25.06.2020 | 25.06.2020 | Préstamo interno | e. 2 |
